Word origins ; the romance of language /

Bibliographic Details
Main Author: Hunt, Cecil, 1902-1954
Format: Book
Language:English
Published: New York : Philosophical Library, [1962]
Subjects:

MARC

Tag First Indicator Second Indicator Subfields
LEADER 00000cam a2200000 4500
001 in00000025238
005 20151007061133.0
008 720508r19621949nyuac 00000 eng u
010 |a  63006758  
035 |a (OCoLC)00303326 
035 |9 AAD1215AM 
040 |c DAY  |d TXA  |d UtOrBLW 
049 |a TXAM  |c [460210] 
050 0 |a PN43 
090 |a PN43  |b .H86 1962 
092 |a 803  |b H939c 
100 1 |a Hunt, Cecil,  |d 1902-1954. 
245 1 0 |a Word origins ;  |b the romance of language /  |c With illus. by John Nicolson. 
264 1 |a New York :  |b Philosophical Library,  |c [1962] 
300 |a 125 pages :  |b illustrations, portraits ;  |c 19 cm. 
336 |a text  |b txt  |2 rdacontent 
337 |a unmediated  |b n  |2 rdamedia 
338 |a volume  |b nc  |2 rdacarrier 
500 |a First published in 1949 under title: A dictionary of word makers. 
650 0 |a Literature  |v Dictionaries. 
650 0 |a Allusions. 
650 0 |a English language  |x Etymology. 
650 0 |a Biography  |x Dictionaries. 
999 |a MARS 
999 f f |s e4b34aa7-5a28-329b-82ed-d0076f759b14  |i db31cdf1-8b18-346a-8afd-100ed638fafa  |t 0 
952 f f |p ric  |a Texas A&M University  |b Rellis Campus  |c Joint Library Facility  |d Remote Storage  |t 0  |e PN43 .H86 1962  |h Library of Congress classification  |i unmediated -- volume  |m A14805860753 
998 f f |a PN43 .H86 1962  |t 0  |l Remote Storage